TV Show by Computer Scene Quiz Stats

 Plays Quiz Updated Jan 7, 2018

Challenge
Share
Tweet
Score 0/24 Timer 07:00
0 Plays Today
% Correct
Star Trek
99%
The Big Bang Theory
97.5%
The Simpsons
96.9%
The Office
94.3%
South Park
91.2%
The Jetsons
89.6%
Futurama
84.2%
The X-Files
82.5%
Jeopardy
77.5%
Parks and Recreation
76.6%
Buffy the Vampire Slayer
71.8%
Bones
70%
% Correct
Arrow
58.9%
Supernatural
49.1%
iCarly
48.7%
Silicon Valley
42%
NCIS
42%
Mr. Robot
41.7%
Chuck
40.7%
Criminal Minds
39.9%
Lost
38.8%
Quantum Leap
37.2%
Mad Men
30.5%
Person of Interest
29.6%

You're not logged in!

Compare scores with friends on all Sporcle quizzes.
Join for Free
OR
Log In

You Might Also Like...

Show Comments

Extras

Top Quizzes Today


Score Distribution

Your Account Isn't Verified!

In order to create a playlist on Sporcle, you need to verify the email address you used during registration. Go to your Sporcle Settings to finish the process.

Report this User

Report this user for behavior that violates our Community Guidelines.

Details: